000 00728nam a2200289Ia 4500
005 20260324115326.0
008 008 260324s9999 xx 000 0 eng d
020 _a9780429453434
037 _aEBOOK
040 _aCRL
040 _beng
040 _cCRL
041 _2eng
041 _aeng
084 _qCRL
100 _aGanesh Chandra Deka; Khaleel Ahmad; Nur Izura Udzir
_91154232
245 0 _aOpportunistic Networks
245 0 _bMobility Models, Protocols, Security, and Privacy
260 _bTaylor and Francis
260 _c2018
365 _a
365 _b370
856 _uhttp://www.taylorfrancis.com/books/9780429453434
942 _cEBOOK
999 _c1745034
_d1745034